Statistiques concernant Capitales les plus proches de Londres - une minute sprint

Cliquez ici pour prendre le quiz!

Statistiques générales

  • Ce quiz a été pris 86 fois
  • Le résultat moyen est 13 sur 22

Statistiques - réponses

kmcapitale% Correct
343Paris
100%
464Dublin
93%
321Bruxelles
92%
1265Madrid
84%
358Amsterdam
83%
933Berlin
82%
1434Rome
76%
747Berne
72%
1155Oslo
72%
957Copenhague
71%
490Luxembourg
70%
1435Stockholm
61%
1236Vienne
49%
1008Andorre-
la-Vieille
39%
1032Monaco
39%
1035Prague
37%
850Vaduz
36%
1260Saint-Marin
29%
1432Vatican
28%
1289Bratislava
14%
1229Ljubljana
12%
1339Zagreb
11%

Distribution des résultats

Percentile par nombre de réponses

% des personnes avec chaque résultat

Votre développement - résultats

Vous n’avez pas pris ce quiz